| 000 | 01078nam a2200277 a 4500 | ||
|---|---|---|---|
| 001 | 000048338 | ||
| 003 | DO-SdBNP | ||
| 005 | 20240715103629.0 | ||
| 007 | ta | ||
| 008 | 190208s2014 dr c r 000 0 spa d | ||
| 020 | _z9789945882098 | ||
| 040 |
_aDO-SdBNP _bspa _cBNPHU |
||
| 082 | 4 | _222 | |
| 110 | 2 |
_aCentro Cultural Eduardo León Jimenes _956909 |
|
| 245 | 1 | 0 |
_aTrenzando una historia en curso : _barte dominicano contemporáneo en el contexto del Caribe / _cMaría Amalia León de Jorge, Lisa K. Erf, Yolanda Wood ; tradución Giselle Rodríguez del Cid, Cecilia León. |
| 260 |
_aSantiago de los Caballeros, República Dominicana : _bCentro León, _c2014. |
||
| 300 |
_a310 p. : _bil., retrs. ; _c29 cm. |
||
| 500 | _aIncluye referencias bibliográficas y notas al pie de las páginas | ||
| 590 | _aInventariado, 2019/BT | ||
| 700 | 1 |
_aLeón Jorge, María Amalia de _975759 |
|
| 700 | 1 |
_aErf, Luisa K. _975760 |
|
| 700 | 1 |
_aWood, Yolanda _975761 |
|
| 700 | 1 |
_aRodríguez Cid, Giselle del, _etr. _975762 |
|
| 700 | 1 |
_aLeón, Cecilia, _etr. _975763 |
|
| 942 |
_2ddc _cLBS1 |
||
| 999 |
_c47826 _d47826 |
||